Součástky pro elektroniku

Gespeichert in:
Bibliographische Detailangaben
Format: Buch
Sprache:Tschechisch
Veröffentlicht: Bratislava GM electronic 2006
Schlagworte:
Online-Zugang:Im OPAC anzeigen
Tags: Tag hinzufügen
Keine Tags, Fügen Sie das erste Tag hinzu!

MARC

LEADER 00000nam a2200000 a 4500
005 20260127134055.0
008 060405s2006 xo cze d
035 |a vtls008826969 
039 9 |y 200606281147  |z mschk03 
040 |a STUSCHK1  |b slo  |c STUSCHK1 
041 0 |a cze 
080 |a 621.3 
245 0 |a Součástky pro elektroniku 
260 |a Bratislava  |b GM electronic  |c 2006 
300 |a 476 s. brož. 
650 0 7 |a elektronika 
650 0 7 |a katalógy 
910 |a SCHK95 
999 |c 3455  |d 3455